[Event "FIDE Chesscom Grand Swiss 2021"]
[Site "Riga"]
[Date "2021.11.05"]
[Round "9.50"]
[White "Adly, Ahmed"]
[Black "Bjerre, Jonas Buhl"]
[Result "1-0"]
[WhiteElo "2602"]
[BlackElo "2569"]
[Annotator "TA"]
[PlyCount "65"]
[EventDate "2021.10.27"]
[EventType "swiss"]
[EventCountry "LAT"]
[Tiebreak "Cut1 Buchholz+Sonneborn-Berger (Swiss)"]
[SourceTitle "playchess.com"]
[Source "ChessBase"]
[SourceQuality "1"]

{[%evp 13,65,18,45,33,40,32,13,0,0,0,4,0,0,-12,-14,-49,-47,-51,-40,-68,0,1,1,1,
1,5,110,81,98,95,78,89,170,168,159,162,172,158,214,227,236,230,254,214,308,284,
290,297,352,348,446,446,446,446]} 1. d4 Nf6 2. Nf3 d5 3. c4 e6 4. g3 dxc4 5.
Bg2 a6 6. O-O Nc6 7. e3 Rb8 8. Qe2 {E04: Open Catalan: 5 Nf3.} b5 9. b3 cxb3
10. axb3 {The position is equal.} Bd6 11. Bb2 Nb4 12. e4 {aiming for e5.} Be7 {
[#]} 13. Nc3 $146 ({Predecessor:} 13. Rd1 O-O 14. Nc3 Bb7 15. h4 Qe8 16. Rac1
c5 17. e5 Nd7 18. Ne4 c4 19. bxc4 bxc4 20. Rxc4 {1/2-1/2 (37) Socko,M (2451)
-Javakhishvili,L (2475) Porto Carras 2018}) 13... Bb7 14. Rad1 O-O 15. Ne5 Re8
16. Qf3 Nc6 ({Better is} 16... Qd6 $15) 17. Nxc6 $1 $11 Bxc6 18. d5 exd5 19. e5
$1 {[%cal Re5f6]} Nd7 (19... Ne4 $1 $11 {keeps the balance.}) 20. Nxd5 $16 {
And now e6! would win.} Bf8 {[#]} 21. Nf6+ $1 Qxf6 22. Qxf6 gxf6 (22... Nxf6
$16 {was called for.} 23. Bxc6 Re6) 23. Bxc6 $18 Nxe5 24. Bxe8 Rxe8 25. f4 Ng4
(25... Nc6 $16 26. Rfe1 (26. Bxf6 Re6 $16) 26... Re6) 26. Rfe1 Bc5+ {[#]} 27.
Kg2 $1 Rxe1 28. Rxe1 {KRB-KBN} a5 (28... Kg7 $142 29. Rc1 Bd6) 29. h3 Ne3+ 30.
Kf3 Nd5 31. Rd1 Nb6 32. Bxf6 Bd6 33. Bd8 {Weighted Error Value: White=0.04/
Black=0.28} 1-0

[Event "FIDE Chesscom Grand Swiss 2021"]
[Site "Riga"]
[Date "2021.11.05"]
[Round "9.51"]
[White "Goryachkina, Aleksandra"]
[Black "Meshkovs, Nikita"]
[Result "1/2-1/2"]
[WhiteElo "2602"]
[BlackElo "2550"]
[Annotator "TA"]
[PlyCount "113"]
[EventDate "2021.10.27"]
[EventType "swiss"]
[EventCountry "LAT"]
[Tiebreak "Cut1 Buchholz+Sonneborn-Berger (Swiss)"]
[SourceTitle "playchess.com"]
[Source "ChessBase"]
[SourceQuality "1"]

{[%evp 9,113,15,15,12,25,15,15,19,32,31,22,14,15,16,6,0,0,0,0,-21,-7,-25,-28,
-76,-51,-76,-7,-28,0,-39,-35,-30,-29,-33,0,0,35,0,0,0,0,-78,-90,-84,-80,-103,
-103,-103,-105,-134,-63,-67,-65,-92,-90,-80,-82,-102,-82,-77,-75,-50,-66,-95,
-96,-86,-102,-91,-89,-89,-87,-85,-83,-83,-8,-8,-8,-8,0,0,-5,-5,0,0,0,0,0,0,0,
-22,-22,-23,-24,-24,-31,-52,-15,-10,0,0,0,0,0,0,0,0]} 1. c4 e6 2. Nc3 d5 3. d4
a6 4. cxd5 exd5 5. Bf4 Nf6 6. e3 {D31: Queen's Gambit Declined: Semi-Slav
without ...Nf6 (+ Marshall Gambit and Noteboom) and Exchange Variation lines
without ...Nf6.} Bd6 7. Bg5 $1 {[%mdl 4] is recently more successful than 7.
Bxd6.} c6 8. Bd3 Nbd7 {[%cal Bb8d7,Bd7f8,Bf8g6,Bg6f4][%mdl 32]} 9. Nge2 O-O {
[#]} 10. h3 $146 ({Predecessor:} 10. f3 Re8 11. Qd2 h6 12. Bh4 Ne4 13. Bxd8
Nxd2 14. Bh4 Nc4 15. Bxc4 dxc4 16. e4 {1-0 (49) Materia,M (2315)-Ronka,E (2324)
Chess.com INT 2021}) 10... Re8 11. Qc2 Nf8 12. Bf4 Bxf4 13. Nxf4 Ng6 14. O-O-O
Nxf4 15. exf4 Qd6 16. Ne2 Ne4 17. Rhf1 h6 (17... Qh6 $17) 18. Kb1 $11 Qf6 19.
f3 Nd6 {aiming for ...Nf5.} 20. g4 Bd7 $36 {[%mdl 2048] Black is pushing.} 21.
Qc1 Qe7 22. f5 Qe3 23. Qc5 Rad8 24. Ng3 ({Reject} 24. Qxd6 Bxf5 $1 {[%mdl 512]}
25. Qa3 Bxd3+ 26. Qxd3 Qxd3+ 27. Rxd3 Rxe2 $17) 24... Nb5 25. Bxb5 (25. Ne2 $11
) 25... cxb5 $17 26. Qb4 {[#]} b6 $1 27. Qe1 b4 28. Qxe3 Rxe3 29. Rde1 {[#]}
Rde8 (29... Rd3 $1 $17 30. Rd1 Bb5) 30. Rxe3 $15 Rxe3 {[%mdl 4096] Endgame
KRB-KRN} 31. Kc2 Bb5 32. Rf2 Kf8 33. h4 Re1 34. b3 Ra1 35. Kb2 Rd1 36. Nh5 Rxd4
37. Kc2 g6 38. fxg6 fxg6 39. Ng3 Kf7 40. h5 gxh5 41. Nxh5 Bd3+ (41... a5 $17)
42. Kd2 $11 {Ke3 is the strong threat.} Bg6+ 43. Ke3 Rd1 44. Ng3 d4+ 45. Kf4
Bb1 (45... a5 {with more complications.} 46. Nf5 h5 47. gxh5 Bxh5 48. Rc2 d3)
46. Nf5 Bxf5 47. Kxf5 {KR-KR} a5 48. Rh2 d3 49. Kf4 (49. Ke4 {is more complex.}
Kg6 50. Ke3 Rf1 51. Rd2 h5 52. gxh5+ Kxh5 53. Rxd3 Ra1 54. Rd2) 49... Re1 50.
Rd2 Re2 51. Rxd3 Rxa2 {Hoping for ...Ra3.} 52. Ke5 Ke7 53. f4 {The position is
equal.} a4 54. bxa4 Rxa4 55. Rh3 Ra5+ 56. Kd4 Rb5 57. Kc4 {Weighted Error
Value: White=0.10/Black=0.11} 1/2-1/2

[Event "FIDE Chesscom Grand Swiss 2021"]
[Site "Riga"]
[Date "2021.11.05"]
[Round "9.52"]
[White "Georgiev, Kiril"]
[Black "Miezis, Normunds"]
[Result "1-0"]
[WhiteElo "2577"]
[BlackElo "2467"]
[Annotator "TA"]
[PlyCount "191"]
[EventDate "2021.10.27"]
[EventType "swiss"]
[EventCountry "LAT"]
[Tiebreak "Cut1 Buchholz+Sonneborn-Berger (Swiss)"]
[SourceTitle "playchess.com"]
[Source "ChessBase"]
[SourceQuality "1"]

{[%evp 10,191,17,7,31,22,31,43,37,25,32,25,17,19,25,21,14,15,18,21,13,10,13,0,
0,0,20,0,0,0,0,0,0,0,0,-31,-22,-172,-165,-152,-127,-127,-119,-97,-59,-137,-144,
-145,-134,-117,-118,-292,-281,-522,-446,-415,-293,-365,4,16,16,-220,-71,-87,
-78,-86,-75,-82,-73,-75,-54,-44,-68,-127,-125,-117,-85,-70,-45,-41,0,0,0,-29,0,
0,0,0,0,0,0,0,0,0,0,0,8,0,18,0,0,0,22,22,116,77,111,68,115,114,115,122,110,114,
165,160,154,0,150,83,83,75,90,75,75,75,75,75,75,0,75,72,75,75,75,75,94,94,81,
80,150,149,233,173,5685,5766,4906,5704,5134,1130,6131,6131,5408,4902,29967,
29970,29969,29970,29974,29964,29968,29971,29982,29983,29983,29984,29984,29983,
29986,29987,29987,29988,29988,29988,29988,29989,29993,29994,29994,29994,29995,
29995,29996,29995]} 1. d4 Nf6 2. c4 e6 3. Nf3 Bb4+ 4. Bd2 a5 5. Nc3 O-O 6. Bg5
d5 {E11: Bogo-Indian.} 7. e3 h6 8. Bh4 Be7 {[#] White is slightly better.} 9.
Bd3 $146 ({Predecessor:} 9. Be2 c6 10. O-O Na6 11. Rc1 dxc4 12. Bxc4 Bd7 13. a4
Nd5 14. Bxe7 Qxe7 15. e4 Ndc7 16. Qe2 {1-0 (28) Joppien,A (2096)-Zielke,B Kiel
2000}) 9... c5 10. dxc5 (10. O-O {feels hotter.} cxd4 11. Nxd4 Nc6 12. Ndb5 Nb4
13. Be2) 10... Na6 11. cxd5 Nxc5 12. Bxf6 Bxf6 13. Bc4 exd5 14. Nxd5 Bxb2 15.
Rb1 Ba3 16. Qd4 Bf5 17. Rb5 Rc8 {Hoping for ...Bd7.} 18. O-O Bd7 19. Rbb1 Bf5 {
White must now prevent ...Ne6.} 20. Rbd1 Ne6 21. Qc3 {[%cal Rc3a3]} Bd6 22. Qb3
Be4 23. Rfe1 (23. Ne1 $1 $11 {and White has nothing to worry.}) 23... Bxf3 24.
gxf3 Qg5+ 25. Kf1 Bxh2 26. Ke2 Rfe8 27. Rh1 ({White should try} 27. Bb5 $1 $15
Red8 28. Nb6) 27... Qg2 $17 28. Bb5 Bg3 $1 29. Rhf1 Ng5 $1 $36 {[%mdl 2048]
Black is on the roll.} 30. e4 $2 (30. Bxe8 $17 {was the only defense.} Rxe8 31.
e4) 30... Re5 $19 31. Bd7 $2 {[#]} (31. Qe3 {was forced.} Nxe4 32. fxe4 Rxe4
33. Bd7 (33. Ne7+ $2 Kh8 $19)) 31... a4 $1 {[%mdl 512]} 32. Qd3 (32. Bxa4 b5)
32... Rd8 33. Qe3 Nxe4 $2 (33... Rxd7 $19 34. Rg1 Qxf2+ $1 {[%mdl 512]} 35.
Qxf2 Bxf2) 34. fxe4 $11 Rxe4 {[#]} 35. Bf5 (35. Bh3 $1 $11 {and White stays
safe.} Rxe3+ 36. Nxe3 {[%mdl 64] Discovered Attack} Rd2+ 37. Rxd2 Qxh3 38. Rd8+
(38. fxg3 Qxg3 39. Rd8+ Kh7 $14) 38... Kh7 39. fxg3) 35... Rde8 (35... Rxe3+
$19 36. Nxe3 Re8) 36. Bxe4 $17 Rxe4 37. Kd3 Rxe3+ 38. Nxe3 Qh2 39. fxg3 Qxa2
40. Rb1 Qe6 {[%mdl 1024] Black has compensation.} 41. g4 (41. Rf5 $15) 41... a3
42. Rfc1 b5 {Threatens to win with ...Qd6+.} 43. Rb4 a2 {aiming for ...Qd6+.}
44. Nc2 $1 Qc6 45. Ra1 Kh7 46. Kd2 Qc5 47. Kc1 f5 48. gxf5 Qxf5 49. Rxa2 Qf1+
50. Kb2 Qf6+ 51. Rd4 h5 52. Ra5 Qe5 53. Ra3 Kh6 54. Ra6+ g6 55. Rad6 b4 56. Kb3
Qc5 (56... Qg3+ $11 {keeps the balance.} 57. Rd3 (57. Kxb4 h4 $14) 57... Qf4)
57. Nxb4 $16 Qb5 58. R6d5 Qf1 59. Nd3 Qd1+ 60. Kc3 Qf3 61. Rd6 Qe3 (61... Kh7
$16 {might work better.} 62. Kc4 Qf7+ 63. Kc5 Qc7+ 64. Kd5 Qa5+ 65. Ke6 Qf5+
66. Ke7 Kg7) 62. Kc4 $18 Qe2 63. Kc3 {Rxg6+! is the strong threat.} Qe3 $1 64.
Rf4 (64. Kb4 $142 $1) 64... Qg3 $16 65. Rdd4 Kg5 66. Kd2 Kh6 67. Rfe4 Qg2+ 68.
Kc3 Qg3 69. Kd2 Qg2+ $1 70. Ke3 Qg5+ 71. Nf4 Qg1+ 72. Ke2 Qh2+ 73. Kd3 Qg3+ 74.
Kc4 Qf2 (74... Qa3 $142) 75. Re6 $1 {[%cal Re6g6]} Qf1+ (75... Qc2+ $16 {
was necessary.} 76. Kb5 Qb2+ 77. Rb4 Qg7 78. Rxg6+ Qxg6) 76. Kc5 $18 Qc1+ $2 (
76... Kg5 77. Rxg6+ Kf5 78. Rd5+ Ke4 79. Re6+ Kf3 80. Nxh5 Qf2+ 81. Kd6 Qb6+
82. Ke5 Qb3) 77. Kd5 Kg5 78. Rxg6+ Kf5 79. Rh6 Qb1 80. Rxh5+ Kg4 81. Kc6 Qa1 {
[#]} 82. Rhd5 $1 {White mates.} Qa8+ 83. Kd7 Qb7+ 84. Kd8 Qa8+ {[#]} 85. Ke7 $1
Qa7+ 86. Kf6 Qa6+ 87. Ne6+ Kf3 88. Rd3+ Ke2 89. Ke5 Qa1+ 90. Kf5 Qb1 91. Nf4+
Kf2 92. Re5 Kf1 93. Kg4 Qa1 94. Re7 Qb1 95. Rf3+ Kg1 96. Nd3 {A wild game. 
Weighted Error Value: White=0.25/Black=0.27} 1-0

[Event "FIDE Chesscom Grand Swiss 2021"]
[Site "Riga"]
[Date "2021.11.05"]
[Round "9.53"]
[White "Rakotomaharo, Fy Antenaina"]
[Black "Vokhidov, Shamsiddin"]
[Result "0-1"]
[WhiteElo "2484"]
[BlackElo "2521"]
[Annotator "ChessBase"]
[PlyCount "102"]
[EventDate "2021.10.27"]
[EventType "swiss"]
[EventCountry "LAT"]
[Tiebreak "Cut1 Buchholz+Sonneborn-Berger (Swiss)"]
[SourceTitle "playchess.com"]
[Source "ChessBase"]
[SourceQuality "1"]
[TimeControl "40/6000+30:20/3000+30:900+30"]

1. e4 {[%emt 0:02:51]} c5 {[%emt 0:00:05]} 2. c3 {[%emt 0:00:05]} Nf6 {[%emt 0:
03:06]} 3. e5 {[%emt 0:00:08]} Nd5 {[%emt 0:00:02]} 4. d4 {[%emt 0:00:07]} cxd4
{[%emt 0:00:04]} 5. Qxd4 {[%emt 0:00:05]} e6 {[%emt 0:00:15]} 6. Bc4 {[%emt 0:
00:19]} Nc6 {[%emt 0:00:05]} 7. Qe4 {[%emt 0:00:04]} d6 {[%emt 0:04:44]} 8.
exd6 {[%emt 0:01:27]} Nf6 {[%emt 0:01:04]} 9. Qe2 {[%emt 0:02:57]} Bxd6 {
[%emt 0:00:07]} 10. Nf3 {[%emt 0:00:04]} Qc7 {[%emt 0:01:08]} 11. Nbd2 {
[%emt 0:02:45]} Bd7 {[%emt 0:00:31]} 12. Bb3 {[%emt 0:16:57]} Na5 {[%emt 0:10:
01]} 13. Bc2 {[%emt 0:13:29]} a6 {[%emt 0:02:50]} 14. a4 {[%emt 0:01:45]} h6 {
[%emt 0:09:13]} 15. O-O {[%emt 0:05:28]} O-O {[%emt 0:07:36]} 16. Re1 {[%emt 0:
09:06]} Nd5 {[%emt 0:13:44]} 17. Ne5 {[%emt 0:06:00]} Be8 {[%emt 0:00:05]} 18.
Ndf3 {[%emt 0:01:31]} Rd8 {[%emt 0:02:52]} 19. Qe4 {[%emt 0:09:25]} f5 {
[%emt 0:01:30]} 20. Qh4 {[%emt 0:00:39]} Rf6 {[%emt 0:02:44]} 21. g4 {[%emt 0:
06:43]} Nc6 {[%emt 0:07:08]} 22. Nxc6 {[%emt 0:07:34]} Bxc6 {[%emt 0:00:27]}
23. Nd4 {[%emt 0:00:08]} fxg4 {[%emt 0:05:02]} 24. Nxc6 {[%emt 0:19:32]} bxc6 {
[%emt 0:00:43]} 25. Qxg4 {[%emt 0:00:20]} Bxh2+ {[%emt 0:03:42]} 26. Kh1 {
[%emt 0:00:34]} Qf7 {[%emt 0:02:17]} 27. Be3 {[%emt 0:01:45]} Nxe3 {[%emt 0:02:
06]} 28. Rxe3 {[%emt 0:00:38]} Rxf2 {[%emt 0:00:11]} 29. Bg6 {[%emt 0:01:16]}
Rf1+ {[%emt 0:00:24]} 30. Kxh2 {[%emt 0:00:35]} Qf2+ {[%emt 0:00:24]} 31. Qg2 {
[%emt 0:00:13]} Qxg2+ {[%emt 0:01:01]} 32. Kxg2 {[%emt 0:00:06]} Rxa1 {[%emt 0:
00:02]} 33. Rxe6 {[%emt 0:00:11]} Rxa4 {[%emt 0:02:50]} 34. Rxc6 {[%emt 0:00:
11]} a5 {[%emt 0:00:08]} 35. Kf3 {[%emt 0:02:13]} Ra1 {[%emt 0:00:23]} 36. Ke2
{[%emt 0:00:25]} a4 {[%emt 0:00:19]} 37. Rb6 {[%emt 0:00:12]} a3 {[%emt 0:00:
20]} 38. bxa3 {[%emt 0:00:06]} Rxa3 {[%emt 0:00:04]} 39. c4 {[%emt 0:00:19]}
Ra5 {[%emt 0:00:57]} 40. Rc6 {[%emt 0:00:28]} Re5+ {[%emt 0:00:15]} 41. Kf3 {
[%emt 0:50:05]} Rf8+ {[%emt 0:50:10]} 42. Kg3 {[%emt 0:00:20]} Rg5+ {[%emt 0:
00:17]} 43. Kh2 {[%emt 0:00:14]} Rf2+ {[%emt 0:00:42]} 44. Kh3 {[%emt 0:00:13]}
Rf3+ {[%emt 0:00:14]} 45. Kh2 {[%emt 0:00:06]} h5 {[%emt 0:03:40]} 46. c5 {
[%emt 0:00:37]} h4 {[%emt 0:00:22]} 47. Rc8+ {[%emt 0:00:34]} Rf8 {[%emt 0:00:
02]} 48. Rc6 {[%emt 0:00:10]} Rg3 {[%emt 0:00:34]} 49. Re6 {[%emt 0:01:07]} Rc3
{[%emt 0:00:38]} 50. c6 {[%emt 0:00:26]} Rd8 {[%emt 0:01:31]} 51. Kg1 {[%emt 0:
00:00]} h3 {[%emt 0:00:00]} 0-1

[Event "FIDE Chesscom Grand Swiss 2021"]
[Site "Riga"]
[Date "2021.11.05"]
[Round "9.54"]
[White "Morovic Fernandez, Ivan"]
[Black "Budisavljevic, Luka"]
[Result "1/2-1/2"]
[WhiteElo "2510"]
[BlackElo "2508"]
[Annotator "ChessBase"]
[PlyCount "65"]
[EventDate "2021.10.27"]
[EventType "swiss"]
[EventCountry "LAT"]
[Tiebreak "Cut1 Buchholz+Sonneborn-Berger (Swiss)"]
[SourceTitle "playchess.com"]
[Source "ChessBase"]
[SourceQuality "1"]
[TimeControl "40/6000+30:20/3000+30:900+30"]

1. e4 {[%emt 0:00:12]} c5 {[%emt 0:00:05]} 2. Nf3 {[%emt 0:00:04]} e6 {[%emt 0:
00:04]} 3. d4 {[%emt 0:00:06]} cxd4 {[%emt 0:00:05]} 4. Nxd4 {[%emt 0:00:04]}
Nc6 {[%emt 0:00:05]} 5. Nc3 {[%emt 0:00:12]} Qc7 {[%emt 0:00:06]} 6. Be3 {
[%emt 0:00:53]} a6 {[%emt 0:00:05]} 7. Qf3 {[%emt 0:02:33]} Bd6 {[%emt 0:00:31]
} 8. O-O-O {[%emt 0:01:08]} Be5 {[%emt 0:00:08]} 9. Nxc6 {[%emt 0:06:49]} bxc6
{[%emt 0:00:04]} 10. Bd4 {[%emt 0:00:03]} Bxd4 {[%emt 0:00:30]} 11. Rxd4 {
[%emt 0:00:05]} Nf6 {[%emt 0:00:04]} 12. Qg3 {[%emt 0:14:04]} Qxg3 {[%emt 0:00:
06]} 13. hxg3 {[%emt 0:00:03]} d5 {[%emt 0:00:04]} 14. Bd3 {[%emt 0:09:23]} h6
{[%emt 0:05:44]} 15. Re1 {[%emt 0:07:44]} O-O {[%emt 0:03:22]} 16. Na4 {
[%emt 0:09:00]} a5 {[%emt 0:10:40]} 17. Nb6 {[%emt 0:13:40]} Ra7 {[%emt 0:06:
22]} 18. Ra4 {[%emt 0:03:54]} Nd7 {[%emt 0:03:53]} 19. Nxd7 {[%emt 0:00:48]}
Bxd7 {[%emt 0:00:07]} 20. Ra3 {[%emt 0:02:55]} Rb8 {[%emt 0:07:38]} 21. Rb3 {
[%emt 0:04:44]} Rxb3 {[%emt 0:16:44]} 22. axb3 {[%emt 0:02:56]} Kf8 {[%emt 0:
01:15]} 23. Kd2 {[%emt 0:01:09]} Ke7 {[%emt 0:00:08]} 24. exd5 {[%emt 0:07:51]}
cxd5 {[%emt 0:00:34]} 25. Ra1 {[%emt 0:00:02]} Kd6 {[%emt 0:04:10]} 26. c3 {
[%emt 0:11:24]} Kc7 {[%emt 0:04:54]} 27. b4 {[%emt 0:01:54]} Kb6 {[%emt 0:08:
15]} 28. bxa5+ {[%emt 0:01:02]} Rxa5 {[%emt 0:00:02]} 29. Rxa5 {[%emt 0:01:34]}
Kxa5 {[%emt 0:00:02]} 30. Ke3 {[%emt 0:01:04]} e5 {[%emt 0:04:59]} 31. f4 {
[%emt 0:01:39]} f6 {[%emt 0:00:24]} 32. Be2 {[%emt 0:04:27]} Kb6 {[%emt 0:15:
17]} 33. fxe5 {[%emt 0:00:04]} 1/2-1/2

[Event "FIDE Chesscom Grand Swiss 2021"]
[Site "Riga"]
[Date "2021.11.06"]
[Round "10.1"]
[White "Firouzja, Alireza"]
[Black "Howell, David W L"]
[Result "1-0"]
[WhiteElo "2770"]
[BlackElo "2658"]
[Annotator "TA"]
[PlyCount "113"]
[EventDate "2021.10.27"]
[EventType "swiss"]
[EventCountry "LAT"]
[Tiebreak "Cut1 Buchholz+Sonneborn-Berger (Swiss)"]
[SourceTitle "playchess.com"]
[Source "ChessBase"]
[SourceQuality "1"]

{[%evp 14,113,19,16,16,6,6,10,24,22,19,23,24,23,26,24,23,27,22,20,44,0,0,0,0,0,
12,0,3,0,14,33,39,0,22,0,30,35,36,13,91,86,132,104,104,102,103,108,100,52,60,
48,100,97,106,109,91,99,158,156,162,162,154,154,158,151,169,154,180,194,222,
162,289,204,204,189,318,312,306,304,374,312,381,289,485,485,483,478,469,462,
476,454,609,602,594,566,789,765,807,773,600,600]} 1. e4 e5 2. Nf3 Nc6 3. Bc4
Bc5 4. O-O Nf6 5. d3 h6 6. c3 d6 7. Re1 O-O 8. h3 a5 {outshines the older 8...
a6. C54: Giuoco Piano: 4 c3 Nf6, main lines with 5 d4 and 5 d3.} 9. Nbd2 {
[%cal Bb1d2,Bd2f1,Bf1g3][%mdl 32]} Be6 10. Bb5 Ba7 {The position is equal.} 11.
Nf1 Ne7 12. Ng3 $5 {[%mdl 4] Leaves trodden paths.} c6 13. Ba4 b5 14. Bc2 a4
15. d4 Ng6 {[#]} 16. Be3 $146 ({Predecessor:} 16. b3) 16... Re8 17. Bd3 Bb6 18.
a3 Qc7 19. Rc1 Ba5 20. Re2 Qb7 21. c4 bxc4 22. Bxc4 d5 23. Bd3 exd4 24. Nxd4
Bd7 {[%cal Rd5e4]} 25. Ndf5 {Threatens to win with Nd6.} (25. Qxa4 c5 $17)
25... Bc7 26. exd5 cxd5 (26... Nxd5 $11 {keeps the balance.} 27. Bd4 Ndf4) 27.
Bd4 $16 {Nxg7! is the strong threat.} Be5 {[#]} 28. Nxh6+ $1 {[%mdl 512]} gxh6
29. Bxg6 Bxg3 30. Rxe8+ ({Worse is} 30. fxg3 fxg6 31. Rxe8+ (31. Bxf6 $2 Rxe2
32. Qxe2 Qb6+ {[%mdl 64] Double Attack} 33. Kh2 Qxf6 $19) 31... Nxe8 $15) 30...
Rxe8 {[#]} 31. Qf3 $1 Qc6 {[%cal Rc6c1]} 32. Bc2 $1 $40 {[%mdl 128] White
mounts an attack.} Bb8 {Black is now going downhill.} ({Black should try} 32...
Be5 $14 33. Bh7+ {[%mdl 64] Discovered Attack} Nxh7 34. Rxc6 Bxc6 35. Qg4+ Kh8)
33. Qxf6 Qxf6 34. Bxf6 Rc8 {[#] Strongly threatening ...Bf4.} 35. Bc3 $1 d4 {
[#]} (35... Bd6 $142) 36. Bd2 $1 ({Weaker is} 36. Bxd4 Bf4 $17) 36... Kg7 37.
Bd3 Rxc1+ 38. Bxc1 $18 {[%mdl 4096] Endgame KBB-KBB} h5 39. h4 Bc6 40. g3 Bd7
41. Kf1 Be5 42. Ke2 Bg4+ (42... Bc7 $142 43. Bd2 Bb6) 43. Kd2 Bd7 44. Kc2 Be6 (
44... Bd6 $142 45. b4 axb3+ 46. Kxb3 Be6+ 47. Ka4 Bd7+ 48. Ka5 Bc5) 45. Bb5
Bb3+ 46. Kd3 Kg6 47. Bd7 Bd1 48. Bd2 f5 $2 (48... Bb3 49. Bb4 Bf6) 49. Bf4 {
White is clearly winning.} Bg7 50. Bd6 Bf6 51. Be8+ Kh6 52. Bc5 f4 53. Bxd4 Bd8
54. Kd2 Bb3 55. Be5 fxg3 56. fxg3 Ba5+ 57. Kc1 {Weighted Error Value: White=0.
09/Black=0.28} 1-0

[Event "FIDE Chesscom Grand Swiss 2021"]
[Site "Riga"]
[Date "2021.11.06"]
[Round "10.2"]
[White "Vachier-Lagrave, Maxime"]
[Black "Caruana, Fabiano"]
[Result "1/2-1/2"]
[WhiteElo "2763"]
[BlackElo "2800"]
[Annotator "TA"]
[PlyCount "104"]
[EventDate "2021.10.27"]
[EventType "swiss"]
[EventCountry "LAT"]
[Tiebreak "Cut1 Buchholz+Sonneborn-Berger (Swiss)"]
[SourceTitle "playchess.com"]
[Source "ChessBase"]
[SourceQuality "1"]

{[%evp 20,104,29,22,20,21,10,13,41,16,16,14,28,0,29,4,20,11,15,10,19,12,12,8,6,
0,0,0,0,0,0,0,0,0,0,0,12,12,14,13,13,0,33,47,85,87,81,0,0,0,0,2,27,27,34,34,41,
41,41,44,68,27,68,27,34,34,34,34,34,34,34,34,34,34,34,34,34,6,6,6,6,6,6,6,6,6,
22]} 1. e4 e5 2. Nf3 Nc6 3. Bb5 a6 4. Ba4 Nf6 5. O-O Be7 6. Re1 b5 7. Bb3 O-O
8. a4 Bb7 9. d3 d6 10. Bd2 b4 11. c3 Rb8 {C88: Closed Ruy Lopez: Anti-Marshall
Systems.} 12. cxb4 Bc8 13. b5 axb5 14. axb5 Rxb5 15. h3 Rb8 16. Nc3 Be6 17. Nd5
Bxd5 18. Bxd5 Nxd5 19. exd5 Nb4 20. Qb3 c5 {[#]} 21. Ra4 $146 {[%cal Rd2b4]} ({
Predecessor:} 21. dxc6 Nxc6 22. Qc4 Qd7 23. Ra6 Rfc8 24. Qa4 Rb7 25. Rc1 Nb8
26. Rxc8+ Qxc8 27. Ra7 Bf8 28. Rxb7 Qxb7 29. Qe8 Na6 30. Bc3 {1/2-1/2 (30)
Liang,A (2572)-Gledura,B (2621) Saint Louis 2018}) 21... Na6 22. Qa2 Nc7 23.
Ba5 Qd7 {With the idea ...Nxd5!} 24. Bxc7 Qxc7 25. Nd2 Qb7 26. Ra7 Qb4 {
[%cal Rb4d2]} ({Wrong is} 26... Qxb2 $2 27. Qxb2 Rxb2 28. Nc4 $18) 27. Rd1 Rb7
28. Nc4 Rxa7 29. Qxa7 Qb3 30. Re1 Qxd3 (30... Bh4 {is more complex.} 31. Nxd6
Qxd5 32. Nf5 Bd8 33. Ne7+ Bxe7 34. Qxe7 f6) 31. Qxe7 Qxc4 32. Qxd6 Qd4 33. Qxe5
({White should try} 33. Rxe5 $16 Ra8 34. g4) 33... Qxe5 $11 34. Rxe5 $16 {
[%mdl 4096] Endgame KR-KR} f6 $1 {[%cal Rf6e5]} 35. Rf5 Rb8 36. d6 Rxb2 37.
Rxc5 Rd2 38. Rc8+ Kf7 39. Rc7+ Kf8 40. Rd7 g5 41. g3 (41. Rxh7 $5 {[%cal Rd6d7]
} Rxd6 42. g3 $16) 41... h5 42. h4 gxh4 43. gxh4 Ke8 44. Rh7 Rxd6 45. Rxh5 Kf7
46. Kg2 Kg6 47. Ra5 Rd3 48. h5+ Kh6 {The position is equal.} 49. f3 Rd1 50. Kg3
Rg1+ 51. Kf4 Rh1 52. Rf5 Rh4+ {Weighted Error Value: White=0.08/Black=0.05}
1/2-1/2